| 000 | 00913nam a2200241 i 4500 | ||
|---|---|---|---|
| 001 | 119503 | ||
| 003 | ES-MaACL | ||
| 005 | 20250811100458.0 | ||
| 007 | t| | ||
| 008 | 070214s1935 sp |||| | spa d | ||
| 100 | 1 |
_aPiga y Pascual, Antonio. _991988 |
|
| 245 | 1 | 0 |
_aManual teórico-práctico de medicina forense _b: contesta al programa de médicos forenses / _credactado por Antonio Piga y Pascual, José Aguila Collantes, Blas Aznar. |
| 260 |
_aMadrid : _bReus, _c1935. |
||
| 300 |
_a4 t. en 5 v. ; _c23 cm. |
||
| 505 | 8 |
_aContiene: I ; _tMedicina legal - II ; _tPsiquiatría - III ; _tToxicología - IV ; _tApéndice |
|
| 650 | 0 | 7 |
_aMedicina legal _2embne _914928 |
| 650 | 0 | 7 |
_aPsiquiatría legal _2embne _916596 |
| 650 | 4 |
_aToxicología. _9136941 |
|
| 700 | 1 |
_aAguila Collantes, José. _918675 |
|
| 700 | 1 |
_aAznar, Blas. _924298 |
|
| 852 |
_aES-MaACL _jE-1767-71 |
||
| 999 |
_c119503 _d119503 |
||